LEADER 00996nam0-22003251i-450- 001 990000781210403321 005 20060216120352.0 035 $a000078121 035 $aFED01000078121 035 $a(Aleph)000078121FED01 035 $a000078121 100 $a20020821d1977----km-y0itay50------ba 101 0 $aita 105 $aa-------001yy 200 1 $aSimmetria strutturale e deformazioni delle travi inflesse$fErasmo Viola 210 $aBologna$cPitagora$dc1977 215 $a72 p.$cdis.$d24 cm 225 1 $aEsercitazioni di scienza delle costruzioni$v4 610 0 $aTravi rettilinee inflesse 610 0 $aScienza delle costruzioni 610 0 $aSimmetria strutturale 676 $a624.177 3 700 1$aViola,$bErasmo$f<1947- >$0333591 801 0$aIT$bUNINA$gRICA$2UNIMARC 901 $aBK 912 $a990000781210403321 952 $aTECN B 942$b5000-4$fFARBC 959 $aFARBC 996 $aSimmetria strutturale e deformazioni delle travi inflesse$9350988 997 $aUNINA LEADER 01111nas2-2200337---450- 001 990003250930203316 005 20090521151415.0 035 $a000325093 035 $aUSA01000325093 035 $a(ALEPH)000325093USA01 035 $a000325093 100 $a20090521d1960----km-y0itay50------ba 101 $aeng 102 $aUS 105 $aa---||||001yy 200 1 $aElements of the theory of Markov processes and their applications$fA. T. Bharucha-Reid 210 $aNew York$cMc Graw-Hill Book Co.$d1960 215 $aXI, 468 p.$cill.$d23 cm 225 2 $aMc Graw-Hill series in probability and statistics$v3 410 0$1001000325088$12001$aMc Graw-Hill series in probability and statistics$v3 606 0 $aProcessi di Markov 676 $a519.233 700 1$aBHARUCHA-REID$bA. T.$0604310 801 0$aIT$bsalbc$gISBD 912 $a990003250930203316 951 $a519 MSPS (3)$b5093/CBS$c519$d00221240 959 $aBK 969 $aSCI 979 $aRSIAV6$b90$c20090521$lUSA01$h1514 996 $aElements of the theory of Markov processes and their applications$91119826 997 $aUNISA